000
00329nam a2200145Ia 4500
003
OSt
005
20240322143250.0
008
170523s9999 xx 000 0 und d
020
_a
978-8120307940
040
_c
IIMT UNIVERSITY
100
_a
HANSEU
245
0
_a
QUALITY COUTROL AND APPLICATION
260
_b
PHI
942
_2
ddc
_c
02
999
_c
1857
_d
1857